[Event "CZE-chT2A 1415"]
[Site "Czech Republic"]
[Date "2014.12.14"]
[Round "4.5"]
[White "Staif, Martin"]
[Black "Fric, Pavel"]
[Result "1/2-1/2"]
[WhiteElo "2080"]
[BlackElo "2038"]
[PlyCount "83"]
[EventDate "2014.11.02"]
[EventType "team-tourn"]
[EventRounds "11"]
[EventCountry "CZE"]
[SourceTitle "EXT 2022"]
[Source "ChessBase"]
[SourceDate "2021.10.06"]
[SourceVersion "1"]
[SourceVersionDate "2021.10.06"]
[SourceQuality "1"]
[WhiteTeam "Plzen Letna"]
[BlackTeam "Karlovy Vary II"]
[WhiteTeamCountry "CZE"]
[BlackTeamCountry "CZE"]

1. e4 c5 2. Nf3 d6 3. d4 cxd4 4. Nxd4 Nf6 5. f3 a6 6. c4 e5 7. Nc2 Be6 8. Be2 Be7 9. 0-0 0-0 10. Nc3 Qc7 11. Ne3 Nbd7 12. Qd2 Rac8 13. Rd1 Rfd8 14. Ncd5 Bxd5 15. cxd5 Nh5 16. Nf5 Nf8 17. Nxe7+ Qxe7 18. b3 Nf4 19. Bf1 Qg5 20. g3 Qg6 21. Kh1 Nh5 22. Qg5 Nd7 23. Bh3 Nhf6 24. Qxg6 hxg6 25. Bg5 Kf8 26. Rac1 Ke7 27. Rxc8 Rxc8 28. Rc1 Kd8 29. Rxc8+ Kxc8 30. Bxf6 gxf6 31. Bxd7+ Kxd7 32. h4 Ke7 33. g4 Kf8 34. Kg2 Kg7 35. Kg3 Kh6 36. f4 Kg7 37. Kf3 Kh6 38. Ke3 Kg7 39. Kf3 Kh6 40. Ke3 Kg7 41. a3 b6 42. Kf3 1/2-1/2

[Event "CZE-chT2A 1314"]
[Site "Czech Republic"]
[Date "2014.02.02"]
[Round "7.7"]
[White "Staif, Martin"]
[Black "Kohout, Vratislav"]
[Result "1/2-1/2"]
[WhiteElo "2078"]
[BlackElo "2098"]
[PlyCount "81"]
[EventDate "2013.11.03"]
[EventType "team-tourn"]
[EventRounds "11"]
[EventCountry "CZE"]
[SourceTitle "EXT 2015"]
[Source "ChessBase"]
[SourceDate "2014.11.20"]
[SourceVersion "1"]
[SourceVersionDate "2014.11.20"]
[SourceQuality "1"]
[WhiteTeam "Plzen Letna"]
[BlackTeam "Praha Vrsovice"]
[WhiteTeamCountry "CZE"]
[BlackTeamCountry "CZE"]

1. e4 e6 2. d4 d5 3. Nc3 Bb4 4. e5 c5 5. Bd2 Nc6 6. Nb5 Bxd2+ 7. Qxd2 Nxd4 8. Nxd4 cxd4 9. Qxd4 Ne7 10. Nf3 Bd7 11. Bd3 Qa5+ 12. c3 Qa4 13. Qe3 0-0 14. Nd4 Nf5 15. Nxf5 exf5 16. 0-0 Rfe8 17. f4 Rac8 18. Rf2 Red8 19. Bc2 Qa5 20. Rd2 Be6 21. Rd4 Rc7 22. Bb3 Rcd7 23. Rad1 Qc5 24. Kf2 b5 25. Rb4 Qc6 26. Qd3 a6 27. a4 Rb8 28. axb5 axb5 29. Ra1 Rdb7 30. Qd4 h6 31. Kf1 g6 32. Qd2 Kg7 33. Rd1 Rd7 34. Rd4 Rbd8 35. Qd3 Kh7 36. Rb4 Rb8 37. Ra1 Rdb7 38. Rd1 Rd7 39. Rd4 Rbd8 40. Ra1 Rb8 41. Rd1 1/2-1/2

[Event "CZE-chT2A 1213"]
[Site "Czech Republic"]
[Date "2013.03.03"]
[Round "10.6"]
[White "Ksana, Vaclav"]
[Black "Staif, Martin"]
[Result "0-1"]
[WhiteElo "2127"]
[BlackElo "2063"]
[PlyCount "82"]
[EventDate "2012.10.14"]
[EventType "team-tourn"]
[EventRounds "11"]
[EventCountry "CZE"]
[SourceTitle "EXT 2015"]
[Source "ChessBase"]
[SourceDate "2014.11.20"]
[SourceVersion "1"]
[SourceVersionDate "2014.11.20"]
[SourceQuality "1"]
[WhiteTeam "Most Chess"]
[BlackTeam "Plzen Letna"]
[WhiteTeamCountry "CZE"]
[BlackTeamCountry "CZE"]

1. e4 e5 2. Nf3 Nc6 3. Bb5 a6 4. Bxc6 dxc6 5. Nc3 Bg4 6. h3 Bxf3 7. Qxf3 Qf6 8. Qxf6 Nxf6 9. d3 Bc5 10. Bg5 Nd7 11. Rf1 Nf8 12. 0-0-0 Ne6 13. Bd2 0-0-0 14. Ne2 g5 15. Ng3 Nf4 16. Bxf4 exf4 17. Nf5 h5 18. d4 Bb6 19. b4 a5 20. a3 g4 21. c4 axb4 22. axb4 c5 23. dxc5 Ba7 24. Rxd8+ Rxd8 25. Rd1 Rxd1+ 26. Kxd1 f3 27. gxf3 gxh3 28. Ng3 c6 29. f4 Bb8 30. e5 h4 31. Nh1 Kd7 32. f5 Bxe5 33. Kd2 Ke7 34. Kd3 Kf6 35. Ke4 Bc3 36. b5 Bb4 37. Kf4 Bxc5 38. Kg4 h2 39. Kxh4 Kxf5 40. bxc6 bxc6 41. Kg3 Bd6+ 0-1

[Event "CZE-chT2A 1213"]
[Site "Czech Republic"]
[Date "2012.10.14"]
[Round "1.6"]
[White "Cap, Adam"]
[Black "Staif, Martin"]
[Result "0-1"]
[WhiteElo "2028"]
[BlackElo "2063"]
[PlyCount "88"]
[EventDate "2012.10.14"]
[EventType "team-tourn"]
[EventRounds "11"]
[EventCountry "CZE"]
[SourceTitle "EXT 2015"]
[Source "ChessBase"]
[SourceDate "2014.11.20"]
[SourceVersion "1"]
[SourceVersionDate "2014.11.20"]
[SourceQuality "1"]
[WhiteTeam "Kladno"]
[BlackTeam "Plzen Letna"]
[WhiteTeamCountry "CZE"]
[BlackTeamCountry "CZE"]

1. e4 e5 2. Nf3 Nc6 3. Bc4 Nf6 4. d3 Be7 5. 0-0 0-0 6. Re1 d6 7. h3 Na5 8. Nc3 Nxc4 9. dxc4 Nd7 10. b3 f5 11. Ba3 Kh8 12. Nd5 fxe4 13. Rxe4 Bf6 14. Qd2 b6 15. b4 Bb7 16. Rd1 a5 17. b5 Rc8 18. Qd3 Qe8 19. Re2 Qh5 20. Nd2 e4 21. Nxe4 Ne5 22. Ng3 Qh4 23. Qe4 Nxc4 24. Bc1 Qxe4 25. Rxe4 Ne5 26. f4 Nd7 27. c4 Bh4 28. Kh2 Bxd5 29. cxd5 Rce8 30. Rxe8 Rxe8 31. Nf5 Bf6 32. Kg3 Re2 33. Rd2 Re1 34. Bb2 Bxb2 35. Rxb2 g6 36. Nd4 Nf6 37. Kf3 Nxd5 38. Rc2 Re3+ 39. Kf2 Re4 40. Ne2 Nxf4 41. Kf3 Rxe2 42. Rxc7 g5 43. g3 Re3+ 44. Kf2 Nd5 0-1

[Event "CZE-chT2A 1112"]
[Site "Czech Republic"]
[Date "2012.03.25"]
[Round "10"]
[White "Valenz, Miroslav"]
[Black "Staif, Martin"]
[Result "1-0"]
[WhiteElo "2072"]
[BlackElo "2099"]
[PlyCount "67"]
[EventDate "2011.10.09"]
[EventType "team-tourn"]
[EventRounds "11"]
[EventCountry "CZE"]
[SourceTitle "EXT 2013"]
[Source "ChessBase"]
[SourceDate "2012.11.22"]
[SourceVersion "1"]
[SourceVersionDate "2012.11.22"]
[SourceQuality "1"]
[WhiteTeam "Domazlice"]
[BlackTeam "Plzen Letna"]
[WhiteTeamCountry "CZE"]
[BlackTeamCountry "CZE"]

1. e4 e5 2. Nc3 Nf6 3. Bc4 Nxe4 4. Qh5 Nd6 5. Bb3 Nc6 6. Nb5 g6 7. Qf3 f5 8. Qd5 Qe7 9. Nxc7+ Kd8 10. Nxa8 b6 11. Qf3 Bb7 12. Qh3 Bxa8 13. Ne2 Nd4 14. Nc3 g5 15. d3 h5 16. f3 Bg7 17. Qg3 f4 18. Qf2 g4 19. Ne4 gxf3 20. gxf3 Bxe4 21. dxe4 Bf6 22. 0-0 Bh4 23. Qg2 Rh7 24. Kh1 Rg7 25. Qh3 Ne2 26. Bd2 Bg3 27. Bb4 Qf6 28. Bxd6 Qxd6 29. Rad1 Qc5 30. Rd5 Qe3 31. Ba4 Rg4 32. Rxd7+ Kc8 33. Qxh5 Rg8 34. Qf7 1-0

[Event "CZE-chT2A 1112"]
[Site "Czech Republic"]
[Date "2012.01.22"]
[Round "6"]
[White "Staif, Martin"]
[Black "Mindl, Josef"]
[Result "1/2-1/2"]
[WhiteElo "2099"]
[BlackElo "2092"]
[PlyCount "150"]
[EventDate "2011.10.09"]
[EventType "team-tourn"]
[EventRounds "11"]
[EventCountry "CZE"]
[SourceTitle "EXT 2013"]
[Source "ChessBase"]
[SourceDate "2012.11.22"]
[SourceVersion "1"]
[SourceVersionDate "2012.11.22"]
[SourceQuality "1"]
[WhiteTeam "Plzen Letna"]
[BlackTeam "Tabor Sokol"]
[WhiteTeamCountry "CZE"]
[BlackTeamCountry "CZE"]

1. e4 c5 2. Nf3 Nc6 3. d4 cxd4 4. Nxd4 Nf6 5. Nc3 e5 6. Ndb5 d6 7. Bg5 a6 8. Bxf6 gxf6 9. Na3 b5 10. Nd5 Bg7 11. c3 f5 12. exf5 Bxf5 13. Nc2 0-0 14. Nce3 Be6 15. Bd3 f5 16. Qh5 e4 17. Bc2 Ne5 18. Nf4 Qf6 19. Nxe6 Qxe6 20. Bb3 Nc4 21. Rd1 f4 22. Nd5 e3 23. fxe3 fxe3 24. Nc7 Qf6 25. Qe2 Rac8 26. Nd5 Qf2+ 27. Qxf2 exf2+ 28. Kf1 Rce8 29. Bxc4 bxc4 30. g3 Bh6 31. b3 cxb3 32. axb3 Bd2 33. Kg2 Re1 34. Rf1 Re2 35. Ra1 Re5 36. c4 a5 37. Rxf2 Rxf2+ 38. Kxf2 Kf7 39. Rd1 Bg5 40. Rd3 Ke6 41. Nc7+ Kd7 42. Nb5 Be7 43. Nc3 Ke6 44. Rd5 Rxd5 45. Nxd5 Bg5 46. Kf3 Ke5 47. Nf4 Kf5 48. h4 Bd8 49. Nd3 Be7 50. g4+ Ke6 51. h5 Bg5 52. Ke4 Bd2 53. Nf2 Bc1 54. Nh3 h6 55. Ng1 Bd2 56. Nf3 Bc1 57. Nh4 Bd2 58. Nf5 Bc1 59. Nd4+ Kf6 60. Kd5 Kg5 61. Kxd6 Kxg4 62. c5 Kxh5 63. Ne6 Ba3 64. Ke5 Bxc5 65. Nxc5 Kg4 66. Ke4 h5 67. Nd3 h4 68. Nf4 Kg3 69. Ke3 Kg4 70. Nd3 Kg3 71. Nf2 Kg2 72. Ke2 Kg3 73. Ke3 Kg2 74. Nd3 Kg3 75. Nf4 Kg4 1/2-1/2

[Event "CZE-chT2A 1112"]
[Site "Czech Republic"]
[Date "2011.10.09"]
[Round "1"]
[White "Muzikar, Jan"]
[Black "Staif, Martin"]
[Result "1/2-1/2"]
[WhiteElo "2072"]
[BlackElo "2099"]
[PlyCount "43"]
[EventDate "2011.10.09"]
[EventType "team-tourn"]
[EventRounds "11"]
[EventCountry "CZE"]
[SourceTitle "EXT 2013"]
[Source "ChessBase"]
[SourceDate "2012.11.22"]
[SourceVersion "1"]
[SourceVersionDate "2012.11.22"]
[SourceQuality "1"]
[WhiteTeam "Cesky Krumlov"]
[BlackTeam "Plzen Letna"]
[WhiteTeamCountry "CZE"]
[BlackTeamCountry "CZE"]

1. e4 e5 2. Nf3 Nc6 3. Bb5 a6 4. Ba4 d6 5. c3 f5 6. d4 fxe4 7. Ng5 exd4 8. Qxd4 Nf6 9. Bxc6+ bxc6 10. Nxe4 Qe7 11. 0-0 Qxe4 12. Qxe4+ Nxe4 13. Re1 d5 14. f3 Bc5+ 15. Be3 0-0 16. fxe4 Bd6 17. Nd2 Re8 18. Bf2 Bg4 19. Bg3 Bxg3 20. hxg3 Rad8 21. exd5 cxd5 22. Nf3 1/2-1/2

[Event "CZE-chT2A 1011"]
[Site "Czech Republic"]
[Date "2010.11.07"]
[Round "2"]
[White "Staif, Martin"]
[Black "Drabek, Miloslav"]
[Result "1/2-1/2"]
[WhiteElo "2038"]
[BlackElo "2014"]
[PlyCount "47"]
[EventDate "2010.10.17"]
[EventType "team-tourn"]
[EventRounds "11"]
[EventCountry "CZE"]
[SourceTitle "EXT 2012"]
[Source "ChessBase"]
[SourceDate "2011.11.24"]
[SourceVersion "1"]
[SourceVersionDate "2011.11.24"]
[SourceQuality "1"]
[WhiteTeam "Plzen Letna"]
[BlackTeam "Pisek Platan"]
[WhiteTeamCountry "CZE"]
[BlackTeamCountry "CZE"]

1. e4 d6 2. d4 Nf6 3. Nc3 g6 4. Be3 c6 5. Nge2 b5 6. f3 Nbd7 7. Nc1 Bb7 8. Nd3 Nb6 9. b3 Bg7 10. a4 bxa4 11. Nxa4 0-0 12. Be2 Nfd7 13. Ra2 e5 14. dxe5 Nxe5 15. 0-0 Ned7 16. Ndb2 Qe7 17. Qd2 d5 18. Bd3 Rfe8 19. Bf2 dxe4 20. Bxe4 f5 21. Bd3 Nd5 22. c3 Kh8 23. Re1 Qf8 24. Rxe8 1/2-1/2

[Event "CZE-chT2a 0607"]
[Site "Czech Republic"]
[Date "2007.03.11"]
[Round "9.8"]
[White "Kafka, Ladislav"]
[Black "Staif, Martin"]
[Result "1/2-1/2"]
[WhiteElo "1937"]
[BlackElo "1994"]
[PlyCount "91"]
[EventDate "2006.10.15"]
[EventType "team"]
[EventRounds "11"]
[EventCountry "CZE"]
[SourceTitle "EXT 2009"]
[Source "ChessBase"]
[SourceDate "2008.11.26"]
[SourceVersion "1"]
[SourceVersionDate "2008.11.26"]
[SourceQuality "1"]
[WhiteTeam "Domazlice"]
[BlackTeam "Plzen Letna"]
[WhiteTeamCountry "CZE"]
[BlackTeamCountry "CZE"]

1. e4 e5 2. Nf3 Nc6 3. Bb5 a6 4. Ba4 d6 5. 0-0 Bg4 6. c3 Qf6 7. d3 Nge7 8. h3 Bxf3 9. Qxf3 Qxf3 10. gxf3 Ng6 11. Be3 Be7 12. d4 b5 13. Bc2 h6 14. a4 0-0 15. d5 Na5 16. Nd2 Rfb8 17. b4 Nc4 18. Nxc4 bxc4 19. a5 Bg5 20. Rfe1 Nh4 21. Bd1 f5 22. Bxg5 hxg5 23. Kh2 Kh7 24. Rg1 Kh6 25. Rg3 Rf8 26. Ra2 Ng6 27. exf5 Ne7 28. h4 gxh4 29. Rg4 Nxd5 30. Rxh4+ Kg5 31. Rg4+ Kxf5 32. Rxc4 Rh8+ 33. Kg1 Rh6 34. Bc2+ Kf6 35. Be4 Rah8 36. f4 Nxf4 37. Rxc7 Nh3+ 38. Kf1 Ng5 39. Bg2 e4 40. Rd2 Ke5 41. Rxg7 Nf3 42. Bxf3 exf3 43. Rd4 Rh1+ 44. Rg1 d5 45. Rd3 Ke4 46. Rd4+ 1/2-1/2

[Event "CZE-chT2J 0203"]
[Site "Czech Republic"]
[Date "2002.??.??"]
[Round "7"]
[White "Staif, Martin"]
[Black "Kovarik, Josef"]
[Result "1-0"]
[WhiteElo "2058"]
[BlackElo "2022"]
[PlyCount "59"]
[EventDate "2002.10.??"]
[EventType "team"]
[EventRounds "11"]
[EventCountry "CZE"]
[SourceTitle "EXT 2007"]
[Source "ChessBase"]
[SourceDate "2006.11.23"]
[SourceVersion "1"]
[SourceVersionDate "2006.11.23"]
[SourceQuality "1"]

1. e4 d5 2. exd5 Nf6 3. c4 c6 4. d4 cxd5 5. Nc3 Nc6 6. Nf3 Bg4 7. cxd5 Nxd5 8. Qb3 Bxf3 9. Qxb7 Ndb4 10. Bf4 Nc2+ 11. Kd2 Qxd4+ 12. Kxc2 Nb4+ 13. Qxb4 Qxb4 14. Bb5+ Kd8 15. Rhd1+ Bxd1+ 16. Rxd1+ Qd6 17. Bxd6 exd6 18. Ba6 Rb8 19. Nd5 g6 20. b4 Be7 21. a4 g5 22. Re1 Bf8 23. Bb5 Rxb5 24. axb5 h5 25. Ra1 Bh6 26. Rxa7 Rf8 27. b6 Kc8 28. Ne7+ Kb8 29. Nc6+ Kc8 30. Rc7# 1-0

[Event "CZE-chTJ 0102"]
[Site "Czech Republic"]
[Date "2002.??.??"]
[Round "8"]
[White "Staif, Martin"]
[Black "Sykora, Petr"]
[Result "1/2-1/2"]
[WhiteElo "2038"]
[BlackElo "2064"]
[PlyCount "69"]
[EventDate "2001.??.??"]
[EventType "team"]
[EventRounds "11"]
[EventCountry "CZE"]
[SourceTitle "EXT 2003"]
[Source "ChessBase"]
[SourceDate "2002.11.25"]
[SourceVersion "1"]
[SourceVersionDate "2002.11.25"]
[SourceQuality "1"]
[WhiteTeam "Plzen Letna"]
[BlackTeam "Praha Dukla II"]
[WhiteTeamCountry "CZE"]
[BlackTeamCountry "CZE"]

1. e4 d6 2. d4 Nf6 3. Nc3 g6 4. Be3 c6 5. Nge2 Qa5 6. f3 Nbd7 7. Nc1 Bg7 8. Be2 0-0 9. 0-0 e5 10. dxe5 dxe5 11. Qd6 Re8 12. Nb3 Qd8 13. Rfd1 Bf8 14. Qd2 Qc7 15. Bh6 b6 16. Bxf8 Nxf8 17. Qd6 Ne6 18. Qxc7 Nxc7 19. Rd6 Re6 20. Rad1 Nfe8 21. Rd8 Bb7 22. R8d7 Bc8 23. R7d2 Ba6 24. Bxa6 Nxa6 25. Rd7 Kf8 26. Kf2 Re7 27. a3 Rc8 28. R7d3 Nec7 29. R1d2 Ke8 30. Nd1 Ne6 31. Rd6 Nac5 32. Nxc5 Nxc5 33. Ne3 Nb7 34. R6d3 Rd8 35. Rxd8+ 1/2-1/2